| 000 | 00931cam a22001934a 4500 | ||
|---|---|---|---|
| 005 | 20250605164215.0 | ||
| 008 | 250528s ||||||||||||||||||||||||d | ||
| 035 | _a20447 | ||
| 020 | _a571169260 | ||
| 040 |
_aGR-AtMCL _bgre _dGR-AtMCL _eAACR2 |
||
| 245 | 1 | _aThe Intellectuals and the Masses / Pride and Prejudice among the Literary Intelligentsia, 1880-1939 | |
| 260 |
_bFaber And Faber, _c1992 |
||
| 300 | _a248 | ||
| 520 | _aPreface, Themes, The Revolt of the Masses, Rewriting the Masses, The Suburbs and the Clerks, Natural Aristocrats, Case Studies, George Gissing and the Ineducable Masses, H. G. Wells Against H. G. Wells, H. G. Wells Getting Rid of People, Narrowing the Abyss: Arnold Bennett Wyndham Lewis and Hitler, Wyndam Lewis and the Feminization of the West Adolf Hitler's Intellectual Programme, Postcript, Notes, Index. | ||
| 700 | 1 |
_aCarey John _96438 |
|
| 942 | _cBK | ||
| 999 |
_c5554 _d5554 |
||